000 00657cam a2200181 4500
001 WB3529-07
008 000000n1999 000 0 eng u
035 _a(Sirsi) u102110
245 _aWhite asbestos banned.
260 _c1999
490 _aThe week in Europe
_v29 July 1999, 1(1)
520 _aWhite asbestos or chrysotile has been banned by the European Commission. The only use still to be permitted is electrolysis in some chlorine plants.
650 _aMANAGEMENT-HEALTH AND SAFETY-HAZARDOUS SUBSTANCES-ASBESTOS
650 _aEUROPEAN COMMISSION
650 _aBUILDING AND CONSTRUCTION-MATERIALS
690 _aBUILT ENVIRONMENT
942 _n0
999 _c61202
_d61202